| 000 | 01206cam a2200253 4500 | ||
|---|---|---|---|
| 001 | ABS66774 | ||
| 008 | 030606n2003 000 0 eng u | ||
| 035 | _a(Sirsi) u122540 | ||
| 100 | _aWaters, B. | ||
| 245 | _aConservation specialist | ||
| 260 | _c2003 | ||
| 490 |
_aArchitects' Journal _v217(21) 29 May 2003, 53(1) |
||
| 520 | _aExamines whether councils have the resources to comply with the recent Department of Culture, Media and Sport consultation on heritage protection. It will look at all types of designation, including conservation areas, listed building consent, ancient monuments and historic parks. Looks at the legislation behind the proposals and methods of funding to be considered. Considers whether the planning authorities have the necessary facilities to match private sector skills to the required proposals. | ||
| 590 | _aABS | ||
| 650 | _aPLANNING DEVELOPMENT | ||
| 650 | _aPLANNING AUTHORITIES | ||
| 650 | _aBUILT HERITAGE | ||
| 650 | _aBUILDING CONSENTS | ||
| 650 | _aLISTED BUILDING CONSENT | ||
| 650 | _aANCIENT MONUMENTS | ||
| 650 | _aHISTORIC PARKS | ||
| 690 | _aBUILT ENVIRONMENT-BUILDING MAINTENANCE AND REFURBISHMENT-BUILDING CONSERVATION | ||
| 942 | _n0 | ||
| 999 |
_c72836 _d72836 |
||